Normal view
MARC view
Entry Topical Term
001 - CONTROL NUMBER
- control field: 332467
003 - CONTROL NUMBER IDENTIFIER
- control field:
005 - DATE AND TIME OF LATEST TRANSACTION
- control field: 20210602104624.0
008 - FIXED-LENGTH DATA ELEMENTS
- fixed length control field: 210602|| aca||aabn | a|a d
040 ## - CATALOGING SOURCE
- Original cataloging agency:
- Transcribing agency:
150 ## - HEADING--TOPICAL TERM
- Topical term or geographic name entry element: Cities and towns
- Geographic subdivision: India
- General subdivision: Growth
- General subdivision: History
670 ## - SOURCE DATA FOUND
- Source citation: Work cat.: (): Bhattacharya, B. (Bimalendu), 1931- 332466, Urban development in India, since pre-historic times /, 1979
